000 00541nam a22001577a 4500
003 macl
005 20241019145026.0
008 241019b |||||||| |||| 00| 0 eng d
040 _cmacl
082 _a327
100 _a बंसल सोनाली
_982575
245 _aआधुनिक भारत का इतिहास दूतीय संस्करण
260 _aचेन्नई
_bMcGrraw hill पब्लिकैशन
_c2024
650 _aभरतिए इतिहास
_982574
942 _2ddc
_cC. BOOKS
999 _c67167
_d67167